000 00210nam a22000857a 4500
008 161213b xxu||||| |||| 00| 0 eng d
100 _92013
_aBhatia.K.
245 _aExpression in Art
260 _aNew Delhi
_bN.P.
_c2009
999 _c4878
_d4878